000 00695nam a2200265Ia 4500
005 20260302115638.0
008 008 260114s9999 xx 000 0 eng d
020 _a9798400637933
037 _aTextbook
040 _aCRL
040 _beng
040 _cCRL
041 _2eng
041 _aeng
084 _qCRL
100 _aJanice A. Sauer, David K. Sauer
_91122220
245 0 _aDavid Mamet A Research and Production Sourcebook
260 _bBloomsbury
260 _bPraeger
260 _c2003
650 _aLiterary Studies
856 _uhttps://doi.org/10.5040/9798400637933?locatt=label:secondary_bloomsburyCollections
942 _cEBOOK
999 _c1686971
_d1686971